Dzień w historii – grudzień - Statystyki

Ogólne statystyki
  • Ten quiz został rozwiązany 762 razy
    757 od ostatniego zresetowania
  • Średni wynik to 17 z 31
Statystyki odpowiedzi
Data Rok Wskazówka Odpowiedź % Poprawnych
Gru 2 1804 Ten wojskowy zostaje oficjalnie koronowany jako cesarz Francuzów Napoleon Bonaparte
93%
Gru 12 2023 Ten poseł używa gaśnicy celem zgaszenia w budynku Sejmu świecy chanukowej Grzegorz Braun
92%
Gru 7 1941 Ta amerykańska baza morska zostaje zaatakowana przez Japonię Pearl Harbor
88%
Gru 11 1922 Oficjalnie został on pierwszym prezydentem Polski Gabriel Narutowicz
87%
Gru 10 1901 W Sztokholmie odbyło się pierwsze rozdanie tych nagród Nagroda Nobla
87%
Gru 9 1991 Rozpoczęła nadawanie ta rozgłośnia radiowa założona przez pewnego księdza Radio Maryja
83%
Gru 4 1926 Obecnie pod tą nazwą znana jest założona wówczas polska liga piłkarska Ekstraklasa
80%
Gru 13 1972 Gene Cernan jako ostatni człowiek dotychczas w historii stawia tam stopę Księżyc
80%
Gru 31 1991 Ten kraj zostaje oficjalnie rozwiązany Związek Radziecki
74%
Gru 3 1945 Utworzona zostaje ta polska spółka naftowa, od której nazwy wciąż określa się potocznie stacje paliw Centrala Produktów Naftowych
73%
Gru 25 983 Ten człowiek zostaje koronowany na króla niemieckiego Otton III
61%
Gru 14 1948 Powstaje ten polski klub piłkarski z obecnego województwa śląskiego Górnik Zabrze
60%
Gru 29 1916 Ten mistyk zostaje zamordowany w Petersburgu Grigorij Rasputin
57%
Gru 23 1884 W warszawskim Słowie opublikowano pierwszy odcinek tej powieści Henryka Sienkiewicza Potop
57%
Gru 20 1999 Portugalia oddaje to miasto Chinom Makau
56%
Gru 5 1975 Ten jeden z najważniejszych dworców kolejowych w Polsce został oddany do użytku Warszawa Centralna
55%
Gru 15 1978 USA ogłasza zamiar nawiązania stosunków dyplomatycznych z ChRL i zerwania ich z tym krajem Tajwan
53%
Gru 24 1777 Ten angielski podróżnik odkrywa atol Kiritimati James Cook
51%
Gru 26 2004 Potężne tsunami spowodowane przez trzęsienie ziemi o sile 9,3 w skali Richtera pustoszy ten kraj Indonezja
50%
Gru 22 1942 Hitler zleca masową produkcję tych imponujących, lecz w praktyce bezużytecznych rakiet balistycznych V-2
47%
Gru 21 1867 Ten austriacki cesarz zatwierdza Konstytucję grudniową, przekształcając Austrię w Austro-Węgry. Franciszek Józef I
43%
Gru 30 2006 Ten irakijski przywódca zostaje powieszony Saddam Husajn
42%
Gru 6 1728 W tym mieście rozpoczęto budowę uniwersyteckiego gmachu głównego Wrocław
42%
Gru 16 1922 Zamachowca prezydenta, o którym mowa 5 odpowiedzi wyżej Eligiusz Niewiadomski
39%
Gru 17 2011 Umiera ten niesławny dyktator, pozostawiając kraj w rękach swojego syna Kim Dzong Il
38%
Gru 18 1892 Odbywa się premiera tego baletu z muzyką Piotra Czajkowskiego Dziadek do orzechów
37%
Gru 27 1831 Ten brytyjski przyrodnik rozpoczyna swoją podróż dookoła świata na pokładzie HMS Beagle Karol Darwin
33%
Gru 8 1939 Otwarto ten kanał wodny umożliwiający przepłynięcie z Odry do GOP-u Kanał Gliwicki
29%
Gru 1 1815 Car Aleksander I mianował tego generała namiestnikiem Królestwa Polskiego Józef Zajączek
21%
Gru 19 1980 To brytyjskie terytorium zamorskie zostaje wydzielone z Saint Kitts i Nevis Anguilla
11%
Gru 28 1941 Dwaj przedstawiciele tej grupy AK zginęli koło Sochaczewa podczas walki z Niemcami Cichociemni
11%
Nie znaleziono quizów pasujących do podanych kryteriów
Rozkład punktacji
Procent ludzi z każdym wynikiem
Percentyl według liczby udzielonych odpowiedzi
Twoja historia wyników
Nie rozwiązałeś tego quizu od ostatniego zresetowania